000 00825cam a2200217 a 4500
001 2997596
005 20241211164218.0
008 930813s1997 miu 001 0 eng
020 _a0310402204 (alk. paper)
050 0 0 _aBS2302
_b.K657 1997
082 0 0 _a225.4/8
_220
100 1 _aKohlenberger, John R.
245 1 4 _aThe Greek English concordance to the New Testament :
_bwith the New International Version /
_cJohn R. Kohlenberger III, Edward W. Goodrick, James A. Swanson.
260 _aGrand Rapids, Mich. :
_bZondervan Pub. House,
_c1997.
300 _axviii, 1131 p. ;
_c25 cm.
500 _aIncludes indexes.
700 1 _aGoodrick, Edward W.,
_d1913-
700 1 _aSwanson, James A.,
_d1952-
856 4 2 _3Publisher description
_uhttp://www.loc.gov/catdir/enhancements/fy0633/93032117-d.html
942 _2lcc
_cBK
_n0
999 _c2074
_d2074